000 00501nam a2200169Ia 4500
001 23597
003 IN-NITTTR
005 20251114233304.0
008 251113s9999||||xx |||||||||||||| ||eng||
040 _beng
040 _cIN-NITTTR
041 _aeng
082 _a371.144 G93S
100 _aGunwal, H. S.
245 0 _aStudy of the teaching effectiveness of polytechnic teachers of Harayana state in relation to their job satisfaction and teaching experience. /
_cGunwal, H. S.
942 _2ddc
_cBK
999 _c26226
_d26226